000 00168nam a22000857a 4500
003 SGT
245 _aJOURNAL
260 _aNAGPUR
_bALL INDIA REPORTER
_c1947
942 _2ddc
_cBV
999 _c17810
_d17810